Ciencia e investigación en la sociedad actual

Na minha lista:
Detalhes bibliográficos
Main Authors: Maceiras Fafián, Manuel (autor), Méndez Francisco, Luis (Author)
Formato: Livro
Idioma:espanhol
Publicado em: Salamanca San Esteban 2010
Edição:1a. ed
Colecção:Aletheia, 50
Assuntos:
Tags: Adicionar Tag
Sem tags, seja o primeiro a adicionar uma tag!

MARC

LEADER 00000cam a2200000 a 4500
001 UCD7226
003 CL-VaPUC
008 170317e20100000sp |||||||||||||||||spa|d
020 |a 9788482602417 
082 0 4 |a 001.42  |b MAC  |2 21 
100 |a Maceiras Fafián, Manuel  |e autor  |9 591165 
700 0 |a Méndez Francisco, Luis  |e author  |9 591166 
245 1 0 |a Ciencia e investigación en la sociedad actual 
250 |a 1a. ed 
300 |a 308 p 
942 |c BK 
945 |d 20170317 22:16:00  |a dcastane 
260 |a Salamanca  |b San Esteban  |c 2010 
650 0 |a Metodología de la investigación   |9 581661 
650 0 |a Investigación social   |9 307814 
583 |a last modification  |c 20170317 22:16:00  |k Rodrigo Vera 
490 0 |a Aletheia, 50 
999 |c 367290  |d 367288 
952 |0 0  |1 0  |3 erb  |4 0  |6 001_420000000000000_MAC_2010  |7 0  |8 A  |9 482113  |a BIBEDU  |b BIBEDU  |i 5365309  |o 001.42 MAC 2010  |p 5365309  |r 2019-11-24  |w 2019-11-24  |y BK  |z Catalogado en:20170317  |k EPE